sanat - syypää sun hymyyn - cheek - Statistics

General Stats
  • This quiz has been taken 39 times
  • The average score is 255 of 403
Answer Stats
Hint Answer % Correct
o
100%
olla
100%
se
96%
anna
93%
93%
mun
93%
sulle
93%
voi
93%
sun
89%
hymyyn
85%
syypää
85%
voisinks
85%
kertsi Voisinks
85%
tunne
78%
mitä
74%
70%
sua
70%
1 verse kun
67%
sen
67%
ei
63%
ja
63%
kai
63%
kaikki
63%
mul
63%
jos
59%
on
59%
hyvält
56%
kanssa
56%
niin
56%
saa
56%
syntyy
56%
vähän
56%
varten
56%
et
52%
luvata
52%
näiden
52%
näytän
52%
neitosten
52%
pitää
52%
pystytä
52%
sit
52%
tarviit
52%
vaan
52%
hoidan
48%
koitan
48%
tarttet
48%
ees
44%
en
44%
jotain
44%
luottamuspula
44%
mitään
44%
oon
44%
koskaan
41%
luvataa
41%
kysyy
37%
tee
37%
voin
37%
ah
33%
älä
33%
horosta
33%
jalat
33%
järki
33%
kuin
33%
maassa
33%
päässä
33%
pilattuu
33%
puljaa
33%
pyytää
33%
swägää
33%
tarviin
33%
tätä
33%
vaimoo
33%
aitoo
30%
hyvältä
30%
mulle
30%
näätsä
30%
näil
30%
rauhottaa
30%
sitä
30%
suotta
30%
tajuu
30%
täski
30%
täytyy
30%
tuottaa
30%
vaikeeta
30%
bimboil
26%
edes
26%
elämä
26%
hajuu
26%
haluun
26%
helvetin
26%
kamaa
26%
korostaa
26%
kuolannu
26%
menoo
26%
mua
26%
myös
26%
näytät
26%
niinku
26%
nopee
26%
ollaan
26%
voit
26%
ajatusmaailmaa
22%
egoo
22%
erikseen
22%
jees
22%
josta
22%
korvaan
22%
liian
22%
muokannu
22%
naiselta
22%
neuvo
22%
päähän
22%
parempia
22%
poikkeet
22%
priimaa
22%
sus
22%
tarpeeks
22%
tartten
22%
täysin
22%
yhdessä
22%
ysäril
22%
digaan
19%
kuiskaan
19%
kutsua
19%
kuvan
19%
leikkaamatonta
19%
mageet
19%
ollu
19%
paulomaa
19%
pikemminkin
19%
riittää
19%
Saari
19%
Sami
19%
sanois
19%
staraa
19%
suhteiks
19%
vapaa
19%
ditchaa
15%
korvaas
15%
kuinka
15%
pois
15%
riivaa
15%
Ruudolf
15%
sataprossast
15%
surua
15%
tietää
15%
Dogg
11%
fiilattavaa
11%
flippaan
11%
mammat
11%
Nate
11%
nuolee
11%
perset
11%
pollas
11%
pyrkyrii
11%
häädät
7%
puluparven
7%
ton
7%
jäbät
4%
miks
4%
naisist
4%
No matching quizzes found
Score Distribution
Percent of People with Each Score
Percentile by Number Answered
Your Score History
You have not taken this quiz